| 000 | 00602nam a2200217Ia 4500 | ||
|---|---|---|---|
| 008 | 180523s9999 xx 000 0 und d | ||
| 020 | _a0-07-146487-5 | ||
| 050 | _aMAIN HD 38.25 | ||
| 050 | _b.U6B35 2006 | ||
| 100 | _aBaldoni, John. | ||
| 245 | 0 | _aHow great leaders get great results / | |
| 245 | 0 | _cJohn Baldoni. | |
| 260 | _aNew York : | ||
| 260 | _bMcGraw-Hill, | ||
| 260 | _c2006 | ||
| 300 | _a253 pages : | ||
| 300 | _c21 cm. | ||
| 500 | _aIncludes bibliographical references and index. | ||
| 650 | _aExecutive ability -- United States. | ||
| 650 | _xLeadership -- United States. | ||
| 999 |
_c356878 _d356878 |
||